| 000 | 01834cam a22003615i 4500 | ||
|---|---|---|---|
| 999 |
_c28525 _d28496 |
||
| 001 | 16153660 | ||
| 003 | EG-ScBUE | ||
| 005 | 20200719170854.0 | ||
| 008 | 100325t20102010nyu f b 000 0 eng d | ||
| 020 | _a9781932716603 | ||
| 020 | _a1932716602 | ||
| 035 | _a(OCoLC)ocn471787571 | ||
| 040 |
_aDLC _beng _erda _cDLC _dYDX _dBTCTA _dYDXCP _dCDX _dBWX _dDLC _dEG-ScBUE |
||
| 082 | 0 | 4 |
_a303.4840285 _bDIG _222 |
| 245 | 0 | 0 |
_aDigital activism decoded : _bthe new mechanics of change / _cMary Joyce, editor. |
| 264 | 1 |
_aNew York : _bInternational Debate Education Association, _c[2010] |
|
| 264 | 4 | _cc2010 | |
| 300 |
_axi, 228 paes ; _c23 cm |
||
| 336 |
_atext _btxt _2rdacontent |
||
| 337 |
_aunmediated _bn _2rdamedia |
||
| 338 |
_avolume _bnc _2rdacarrier |
||
| 504 | _aIncludes bibliographical references. | ||
| 520 | _a"The media has recently been abuzz with cases of citizens around the world using digital technologies to push for social and political change: from the use of Twitter to amplify protests in Iran and Moldova to the thousands of American non-profits creating Facebook accounts in the hopes of luring supporters. These stories have been published, discussed, extolled, and derided, but have not yet been viewed holistically as a new field of human endeavor. We call this field "digital activism" and its dynamics, practices, misconceptions, and possible futures are presented together for the first time in this book."--Pub. desc. | ||
| 650 | 7 |
_aInformation technology _xPolitical aspects. _2BUEsh |
|
| 650 | 7 |
_aInternet _xPolitical aspects. _2BUEsh |
|
| 650 | 7 |
_aCyberspace _xPolitical aspects. _2BUEsh |
|
| 650 | 7 |
_aSocial movements. _2BUEsh |
|
| 650 | 7 |
_aProtest movements. _2BUEsh |
|
| 653 |
_bCOMAME _cJuly2020 |
||
| 655 |
_vReading book _934232 |
||
| 700 | 1 |
_aJoyce, Mary _q(Mary C.), _eeditor. |
|
| 942 |
_2ddc _cBB |
||